00171nam a2200073Ia 4500008004100000082000800041100001800049245003000067240331s9999 xx 000 0 und d bGOL aGoldman, Emma 2aA woman without a country